000 00766nam a22002657a 4500
003 CHAP
005 20220329134225.0
008 971013s1936 r 00010 d
010 _a17232
011 _a18204
035 _a22289
040 _cCHAP
082 _a631.4
_bJ63
100 0 0 _aJoffe, Jacob Samuel.
_961753
245 _aPedology
260 _aNew Brunswick :
_bRutgers University,
_c1936
300 _a575 p.
_b: ilus
590 _aBATCH-UPD
_b10
_c20130110
_lUCH01
_h1513
590 _aCONVERSION
_b10
_c20130109
_lUCH01
_h1311
650 1 4 _aSuelos.
_9110191
901 _aBK
942 _cLIBRO
949 _a631.4 J63
_bBC
_cLIBRO
_d33724000060950
_eLIBRO
_h21017
_i22289
_si
949 _a631.4 J63
_bBC
_cLIBRO
_d33724000060968
_eLIBRO
_fc.2
_h21018
_i22289
_si
999 _c17232
_d17232